| 000 | 00378nam a2200145Ia 4500 | ||
|---|---|---|---|
| 008 | 210716s2005 xx 000 0 und d | ||
| 020 | _a8120324145 | ||
| 041 | _aeng | ||
| 082 | _a004.69 INTE | ||
| 245 | _aInternetworking though wide area networks. | ||
| 250 | _a1 | ||
| 260 |
_aNew Delhi _bPrentice Hall of India _c2005 |
||
| 300 | _axi,410 | ||
| 650 | _aInternet / Mutimedia | ||
| 999 |
_c189716 _d189716 |
||